| 000 | 00592nam a2200145 i 4500 | ||
|---|---|---|---|
| 001 | 44234 | ||
| 003 | ES-MaACL | ||
| 007 | t| | ||
| 008 | 030320s1999 sp ||||1| spa d | ||
| 111 | 2 |
_aLa ciudad hispánica durante los siglos XIII al XVI. _pColoquio. 1º ( _d1981. _cLa Rábida y Sevilla) _9908 |
|
| 245 | 1 | 3 |
_aLa ciudad hispánica durante los siglos XIII al XVI _b: actas del coloquio celebrado en la Rábida y Sevilla del 14 al 19 de septiembre de 1981. |
| 260 |
_aMadrid : _bUniversidad Complutense, _c1985. |
||
| 300 |
_a2 v. : _bil. ; _c24 cm. |
||
| 852 |
_aES-MaACL _jL-8126-7 _bR.108488 |
||
| 999 |
_c44234 _d44234 |
||